MARC

LEADER 00000nam0a2200000 4500
001 144407
005 20231031143648.0
020 |a RU  |b 86-20265 
035 |a (RuTPU)RU\TPU\book\156497 
090 |a 144407 
100 |a 20081002d1986 m y0rusy5003 ca 
101 0 |a rus 
102 |a RU 
105 |a c z 000ay 
200 1 |a Избранное  |e романы, повести, рассказы  |f В. В. Михальский  |g авт. предисл. В. Катаев ; худож. Д. Шимилис  
210 |a Москва  |c Советский писатель  |d 1986 
215 |a 716,[2] с., [1] л. портр.  |d 21 см 
610 1 |a советская литература 
610 1 |a Великая Отечественная война 1941-1945 
610 1 |a романы 
610 1 |a повести 
610 1 |a рассказы 
675 |a Р2  |z rus 
700 1 |a Михальский  |b В. В.  |g Вацлав Вацлавович  |4 070 
702 1 |a Катаев  |b В.  |g Валентин  |4 080 
702 1 |a Шимилис   |b Д.  |g Давид  |4 440 
801 0 |a RU  |b RuMRKP  |c 19950704  |g psbo 
801 1 |a RU  |b 63413507  |c 20081002  |g PSBO 
801 2 |a RU  |b 63413507  |c 20081002  |g PSBO 
942 |c BK